[Event "Taiyuan Scheveningen"]
[Site "Taiyuan"]
[Date "2006.07.17"]
[Round "7"]
[White "Bu Xiangzhi"]
[Black "Asrian, Karen"]
[Result "1/2-1/2"]
[WhiteElo "2664"]
[BlackElo "2635"]
[PlyCount "73"]
[EventDate "2006.07.10"]
[EventType "schev"]
[EventRounds "12"]
[EventCountry "CHN"]
[Source "ChessBase"]
[SourceDate "2006.10.02"]

1. d4 d5 2. c4 e6 3. Nf3 Nf6 4. Nc3 Be7 5. Bg5 h6 6. Bh4 O-O 7. e3 b6 8. Rc1
Bb7 9. Bd3 dxc4 10. Bxc4 Nbd7 11. O-O c5 12. Qe2 a6 13. a4 cxd4 14. Nxd4 Nc5
15. Rfd1 Qe8 16. Bg3 Nfe4 17. Nxe4 Nxe4 18. Bc7 Bc5 19. a5 b5 20. Bd3 Qe7 21.
Qc2 Bxd4 22. Bxe4 Bxe4 23. Qxe4 Rac8 24. Rxd4 Rxc7 25. Rcd1 Rfc8 26. h4 Rc1 27.
h5 Qc5 28. g4 Qc2 29. Qxc2 R8xc2 30. Rxc1 Rxc1+ 31. Kg2 Rb1 32. Rd6 Rxb2 33.
Rxa6 b4 34. Ra8+ Kh7 35. Ra7 f6 36. Re7 e5 37. Rb7 1/2-1/2

[Event "RUS-ch 1st League 59th"]
[Site "Tomsk"]
[Date "2006.09.05"]
[Round "3"]
[White "Lastin, Alexander"]
[Black "Chebotarev, Oleg"]
[Result "0-1"]
[WhiteElo "2613"]
[BlackElo "2505"]
[PlyCount "67"]
[EventDate "2006.09.03"]
[EventType "swiss"]
[EventRounds "9"]
[EventCountry "RUS"]
[Source "ChessBase"]
[SourceDate "2006.11.01"]

1. d4 e6 2. c4 d5 3. Nc3 Be7 4. Nf3 Nf6 5. Bg5 h6 6. Bh4 O-O 7. e3 b6 8. Bd3
Bb7 9. O-O Nbd7 10. Bg3 a6 11. cxd5 Nxd5 12. e4 Nxc3 13. bxc3 c5 14. Qe2 cxd4
15. cxd4 b5 16. Rad1 Rc8 17. Bb1 Rc3 18. d5 exd5 19. exd5 Bf6 20. Rfe1 Nb6 21.
Ne5 Re8 22. Qh5 Bxd5 23. Qf5 g6 24. Nxg6 Rxe1+ 25. Rxe1 Be6 26. Qe4 Rc4 27. Qe3
Rc3 28. Qxh6 Bg7 29. Qh5 Qd2 30. Rf1 Rc1 31. Ne7+ Kf8 32. Bd3 Kxe7 33. Bh4+ Kd7
34. Qh7 0-1

[Event "FSGM December"]
[Site "Budapest HUN"]
[Date "2007.12.09"]
[Round "9"]
[White "Bui Vinh"]
[Black "Zhao Zong Yuan"]
[Result "0-1"]
[WhiteElo "2461"]
[BlackElo "2491"]
[PlyCount "86"]
[EventDate "2007.12.01"]
[SourceDate "1999.07.01"]

1. d4 e6 2. Nf3 Nf6 3. Bg5 h6 4. Bh4 d5 5. e3 Be7 6. c4 O-O 7. Nc3 b6 8. cxd5
Nxd5 9. Bxe7 Qxe7 10. Nxd5 exd5 11. Be2 Be6 12. O-O c5 13. Ne5 Nd7 14. Nxd7
Qxd7 15. Qd2 a5 16. dxc5 bxc5 17. Bf3 Rfd8 18. Rfd1 Qb5 19. Qc3 Rab8 20. Rd2 d4
21. exd4 cxd4 22. Rxd4 Rxd4 23. Qxd4 Qxb2 24. Qxb2 Rxb2 25. a3 Kf8 26. Kf1 a4
27. h4 Ke7 28. Ke1 Bb3 29. Bd1 Kd6 30. Rc1 Ra2 31. Bxb3 axb3 32. Rb1 Rxa3 33.
Kd2 Ra2+ 34. Ke3 b2 35. Kd3 Ke5 36. Re1+ Kf5 37. Rb1 Kg4 38. Kc2 f5 39. h5 f4
40. Kc3 Kxh5 41. Kb3 Ra1 42. Rxb2 Rg1 43. f3 Kh4 0-1

[Event "Open"]
[Site "Granada ESP"]
[Date "2007.12.08"]
[Round "7"]
[White "Iotov, V."]
[Black "Barsov, A."]
[Result "1-0"]
[WhiteElo "2509"]
[BlackElo "2526"]
[PlyCount "74"]
[EventDate "2007.12.05"]
[SourceDate "1999.07.01"]

1. d4 d5 2. Nf3 Nf6 3. c4 e6 4. Nc3 Be7 5. Bg5 h6 6. Bh4 O-O 7. e3 b6 8. Rc1
Bb7 9. Bxf6 Bxf6 10. cxd5 exd5 11. b4 c6 12. Bd3 Qd6 13. Qb3 Be7 14. b5 c5 15.
Qb1 Nd7 16. O-O g6 17. dxc5 Nxc5 18. Rfd1 Rfd8 19. Be2 Bf6 20. Nd4 Rac8 21. Bf3
Bxd4 22. Rxd4 Ne6 23. Rdd1 Qe5 24. Ne2 Rxc1 25. Qxc1 a6 26. Qb1 Qc7 27. h4 Qc5
28. h5 gxh5 29. Nd4 Nxd4 30. Rxd4 Qxb5 31. Rb4 Qc5 32. Rxb6 Bc6 33. Rxa6 h4 34.
Qf5 Rd6 35. Qc8+ Kg7 36. Ra8 Kf6 37. Qh8+ Ke7 1-0

[Event "Parsvnath ch-Commonwealth"]
[Site "New Delhi IND"]
[Date "2007.12.10"]
[Round "10"]
[White "Abdulla, AlR"]
[Black "Mohota, N."]
[Result "1-0"]
[WhiteElo "2506"]
[BlackElo "2416"]
[PlyCount "75"]
[EventDate "2007.12.03"]
[SourceDate "1999.07.01"]

1. d4 d5 2. c4 e6 3. Nc3 Be7 4. Nf3 Nf6 5. Bg5 O-O 6. e3 h6 7. Bh4 b6 8. Qb3
Bb7 9. Bxf6 Bxf6 10. cxd5 exd5 11. Rd1 Re8 12. a3 c6 13. Bd3 Nd7 14. O-O Nf8
15. Rfe1 Ne6 16. Bb1 g6 17. Ba2 Bg7 18. h4 h5 19. e4 Nc7 20. exd5 cxd5 21. Nb5
Ne6 22. Qb4 Bf8 23. Qd2 Qf6 24. Re5 Red8 25. Ng5 Bh6 26. Nc3 Nc7 27. Rde1 Rd7
28. f4 Qd6 29. Qd3 Bg7 30. f5 Bxe5 31. dxe5 Qc5+ 32. Kh2 Qf2 33. Nf3 Re7 34.
fxg6 Rd8 35. Ne4 Qxb2 36. Nf6+ Kg7 37. Nxh5+ Kh6 38. Qe3+ 1-0

[Event "KNSB TCh-NED 2007-8"]
[Site "Netherlands NED"]
[Date "2007.11.03"]
[Round "3"]
[White "Ernst, S."]
[Black "Doettling, F."]
[Result "1/2-1/2"]
[WhiteElo "2539"]
[BlackElo "2541"]
[PlyCount "55"]
[EventDate "2007.09.15"]
[SourceDate "1999.07.01"]

1. d4 d5 2. c4 e6 3. Nc3 Be7 4. Nf3 Nf6 5. Bg5 h6 6. Bh4 O-O 7. e3 b6 8. Be2
Bb7 9. Bxf6 Bxf6 10. cxd5 exd5 11. b4 c6 12. O-O Qd6 13. Qb3 Nd7 14. Rfd1 Rfe8
15. Bd3 a5 16. bxa5 Rxa5 17. a4 Bd8 18. Re1 Nf6 19. e4 Nxe4 20. Nxe4 dxe4 21.
Bxe4 Rf8 22. Ne5 Bc7 23. Rad1 b5 24. Bc2 Bc8 25. g3 Qf6 26. axb5 Rxb5 27. Qc3
Ba5 28. Qd3 1/2-1/2

[Event "Open"]
[Site "Corfu GRE"]
[Date "2007.10.04"]
[Round "4"]
[White "Levin, F."]
[Black "Rotstein, A."]
[Result "1/2-1/2"]
[WhiteElo "2552"]
[BlackElo "2534"]
[PlyCount "32"]
[EventDate "2007.10.01"]
[SourceDate "1999.07.01"]

1. d4 Nf6 2. c4 e6 3. Nf3 d5 4. Nc3 Be7 5. Bg5 O-O 6. e3 h6 7. Bh4 b6 8. Be2
Bb7 9. Bxf6 Bxf6 10. cxd5 exd5 11. b4 c6 12. O-O Nd7 13. Qb3 Re8 14. a4 Nf8 15.
Rab1 Qd6 16. Rfc1 Rad8 1/2-1/2

[Event "WJun"]
[Site "Yerevan ARM"]
[Date "2007.10.12"]
[Round "9"]
[White "Gupta, Ab"]
[Black "Corrales Jimenez, F."]
[Result "1-0"]
[WhiteElo "2470"]
[BlackElo "2513"]
[PlyCount "145"]
[EventDate "2007.10.03"]
[SourceDate "1999.07.01"]

1. d4 d5 2. c4 e6 3. Nc3 Be7 4. Nf3 Nf6 5. Bg5 h6 6. Bh4 O-O 7. e3 b6 8. Bd3
Bb7 9. O-O Nbd7 10. Bg3 dxc4 11. Bxc4 Bd6 12. Qe2 Qe7 13. Ne5 Ne4 14. Nxe4 Bxe4
15. Bb5 Nxe5 16. dxe5 Bc5 17. Qg4 Bf5 18. Qa4 a6 19. Bc6 b5 20. Qh4 Rad8 21.
Qxe7 Bxe7 22. e4 Bg6 23. Rfd1 f5 24. exf6 Bxf6 25. e5 Bg5 26. Bd7 Kf7 27. h4
Be7 28. Bc6 Bc5 29. Rac1 Bb6 30. Bf4 Bd4 31. Rd2 Ke7 32. g3 Bh5 33. Bb7 c5 34.
Bxa6 Rf5 35. Rdc2 g5 36. Be3 Bxe3 37. fxe3 gxh4 38. Rxc5 hxg3 39. Rc7+ Kf8 40.
Rc8 Rxc8 41. Rxc8+ Kg7 42. Rc7+ Kg6 43. Kg2 Rxe5 44. Kxg3 Rxe3+ 45. Kf4 Rf3+
46. Ke4 Rf5 47. Ke3 Bf3 48. a4 Bd5 49. Bxb5 Rf3+ 50. Kd4 h5 51. Bc6 Rf4+ 52.
Ke3 Re4+ 53. Kf2 Bxc6 54. Rxc6 Kf5 55. b3 Rb4 56. Rc3 e5 57. a5 Rb5 58. a6 Ra5
59. Rc6 Ra2+ 60. Kg3 Ra3 61. Rb6 h4+ 62. Kxh4 Ke4 63. b4 Kd3 64. b5 Ra4+ 65.
Kg3 e4 66. Re6 Ke3 67. Re8 Ra5 68. Kg4 Kd3 69. b6 Rxa6 70. b7 Rg6+ 71. Kf4 Rf6+
72. Kg3 Rg6+ 73. Kf2 1-0

[Event "Bundesliga 2006-7"]
[Site "Koelln GER"]
[Date "2007.02.25"]
[Round "11"]
[White "Van Wely, L."]
[Black "Borriss, M."]
[Result "1-0"]
[WhiteElo "2683"]
[BlackElo "2463"]
[PlyCount "79"]
[EventDate "2007.01.28"]
[SourceDate "1999.07.01"]

1. d4 d5 2. c4 e6 3. Nf3 Nf6 4. Nc3 Be7 5. Bg5 O-O 6. e3 h6 7. Bh4 b6 8. Bd3
Bb7 9. O-O dxc4 10. Bxc4 Ne4 11. Bg3 Nxg3 12. hxg3 c5 13. d5 exd5 14. Bxd5 Nc6
15. Qa4 Qc7 16. Rfd1 a6 17. Qf4 Rac8 18. a4 Nb4 19. Bc4 Qxf4 20. gxf4 Bxf3 21.
Rd7 Bxg2 22. Kxg2 Bf6 23. Rad1 b5 24. axb5 axb5 25. Nxb5 Bxb2 26. Nd6 Rcd8 27.
Nxf7 Rxd7 28. Rxd7 Kh7 29. Rc7 Rb8 30. e4 Bd4 31. e5 Re8 32. Kf3 Ra8 33. Nd6
Ra3+ 34. Ke4 Bxf2 35. Ne8 h5 36. Nxg7 h4 37. Nh5+ Kh8 38. Rc8+ Kh7 39. Bg8+ Kg6
40. Rc7 1-0

[Event "Corus B"]
[Site "Wijk aan Zee NED"]
[Date "2007.01.20"]
[Round "7"]
[White "Werle, J."]
[Black "Kosintseva, T."]
[Result "1-0"]
[WhiteElo "2566"]
[BlackElo "2474"]
[PlyCount "79"]
[EventDate "2007.01.13"]
[SourceDate "1999.07.01"]

1. Nf3 d5 2. d4 Nf6 3. c4 e6 4. Nc3 Be7 5. Bg5 h6 6. Bh4 O-O 7. e3 b6 8. Rc1
Bb7 9. Bxf6 Bxf6 10. cxd5 exd5 11. Be2 c5 12. O-O Nd7 13. dxc5 Nxc5 14. Nd4 Ne4
15. Qa4 a6 16. Rfd1 b5 17. Qb3 Nc5 18. Qa3 Ne6 19. Nf5 d4 20. Qb4 Rc8 21. exd4
Nf4 22. Bf1 Qd7 23. Ne3 Be7 24. Qb3 b4 25. Ne2 Nd5 26. Nc4 Bg5 27. Ne5 Qe6 28.
Rxc8 Rxc8 29. Ng3 a5 30. Qa4 Ra8 31. Bc4 Qe8 32. Qb3 Qd8 33. Ne4 Rc8 34. Nc5
Ba8 35. Ned7 a4 36. Qxa4 Nf4 37. d5 Qe7 38. d6 Qe8 39. Nb6 Bc6 40. d7 1-0

[Event "1st ACP World Rapid Cup"]
[Site "Odessa UKR"]
[Date "2007.01.07"]
[Round "2.1"]
[White "Bacrot, E."]
[Black "Ivanchuk, V."]
[Result "1/2-1/2"]
[WhiteElo "2705"]
[BlackElo "2750"]
[PlyCount "56"]
[EventDate "2007.01.05"]
[SourceDate "1999.07.01"]

1. d4 Nf6 2. c4 e6 3. Nf3 d5 4. Nc3 Be7 5. Bg5 h6 6. Bh4 O-O 7. e3 b6 8. Bd3
Bb7 9. O-O Nbd7 10. Qe2 c5 11. Bg3 Ne4 12. cxd5 exd5 13. Rad1 Qc8 14. Rc1 Rd8
15. Rfd1 Ndf6 16. Ne5 Qe6 17. Bh4 Rac8 18. f3 cxd4 19. exd4 Nxc3 20. Rxc3 Rxc3
21. bxc3 Nd7 22. Bxe7 Qxe7 23. Nxd7 Rxd7 24. Re1 Qxe2 25. Rxe2 Kf8 26. Re3 Re7
27. Kf2 Rxe3 28. Kxe3 Ke7 1/2-1/2

[Event "1st WMSG Blitz Pair"]
[Site "Beijing CHN"]
[Date "2008.10.08"]
[Round "4"]
[White "Banikas, H."]
[Black "Aveskulov, V."]
[Result "0-1"]
[WhiteElo "2572"]
[BlackElo "2544"]
[PlyCount "124"]
[EventDate "2008.10.08"]
[SourceDate "1999.07.01"]

1. d4 Nf6 2. c4 e6 3. Nf3 d5 4. Nc3 Be7 5. Bg5 h6 6. Bh4 O-O 7. e3 b6 8. Bd3
dxc4 9. Bxc4 Bb7 10. O-O Nbd7 11. Qe2 Ne4 12. Bg3 Nxc3 13. bxc3 Nf6 14. Nd2 c5
15. a4 Bd6 16. a5 Qc7 17. Bxd6 Qxd6 18. Rfd1 Qc6 19. f3 Rac8 20. axb6 axb6 21.
Rab1 Qc7 22. Rb3 Bd5 23. Bxd5 Nxd5 24. e4 c4 25. Ra3 Nf4 26. Qe3 b5 27. Rb1 Rb8
28. g3 Nd3 29. e5 b4 30. cxb4 Nxb4 31. Rc1 Nd5 32. Qe2 c3 33. Ne4 Rb2 34. Rc2
Qb6 35. Nc5 Ne3 36. Raxc3 Nxc2 37. Rxc2 Rxc2 38. Qxc2 Rd8 39. Qc4 Qb1+ 40. Kg2
Qb2+ 41. Kh3 Qxd4 42. Qxd4 Rxd4 43. f4 Rd2 44. Ne4 Ra2 45. Nd6 Kf8 46. Ne4 Ke7
47. Nc5 f5 48. exf6+ gxf6 49. g4 e5 50. fxe5 fxe5 51. Kg3 Ra3+ 52. Kg2 Kd6 53.
Ne4+ Kd5 54. Nf6+ Kd4 55. h4 e4 56. g5 hxg5 57. hxg5 Ra5 58. Nh7 e3 59. g6 Ra6
60. Nf8 e2 61. Kf2 Rf6+ 62. Kxe2 Rxf8 0-1

[Event "FSGM October"]
[Site "Budapest HUN"]
[Date "2008.10.11"]
[Round "7"]
[White "Pitl, G."]
[Black "Collins, S IRL."]
[Result "0-1"]
[WhiteElo "2405"]
[BlackElo "2412"]
[PlyCount "60"]
[EventDate "2008.10.04"]
[SourceDate "1999.07.01"]

1. d4 d5 2. c4 e6 3. Nc3 Be7 4. Nf3 Nf6 5. Bg5 h6 6. Bh4 O-O 7. e3 b6 8. cxd5
Nxd5 9. Bxe7 Qxe7 10. Rc1 Bb7 11. Bd3 Rc8 12. O-O Nxc3 13. Rxc3 Nd7 14. Qe2 a6
15. Rfc1 c5 16. h3 e5 17. dxc5 Rxc5 18. e4 Rxc3 19. Rxc3 Nc5 20. Bc4 Rd8 21. b4
Nxe4 22. Re3 Qxb4 23. Nxe5 Qb1+ 24. Kh2 Rd1 25. Bxf7+ Kf8 26. Ng6+ Kxf7 27.
Qf3+ Kxg6 28. Qg4+ Kh7 29. Qf5+ Kg8 30. Qe6+ Kh8 0-1

[Event "IX GM"]
[Site "Banja Luka BIH"]
[Date "2008.09.05"]
[Round "6"]
[White "Jakovljevic, Vlado"]
[Black "Savanovic, A."]
[Result "1/2-1/2"]
[WhiteElo "2442"]
[BlackElo "2417"]
[PlyCount "41"]
[EventDate "2008.09.29"]
[SourceDate "1999.07.01"]

1. d4 d5 2. c4 e6 3. Nc3 Nf6 4. Nf3 Be7 5. Bg5 O-O 6. e3 h6 7. Bh4 b6 8. cxd5
Nxd5 9. Bxe7 Qxe7 10. Nxd5 exd5 11. Bd3 c5 12. Rc1 Be6 13. O-O Nd7 14. dxc5
bxc5 15. e4 dxe4 16. Bxe4 Rad8 17. Bb1 Ne5 18. Qe2 Nxf3+ 19. Qxf3 Rd4 20. b3
Qd6 21. Rfd1 1/2-1/2

[Event "4th Pichay Cup"]
[Site "Manila PHI"]
[Date "2008.09.17"]
[Round "6"]
[White "Li Shilong"]
[Black "Mchedlishvili, M."]
[Result "1/2-1/2"]
[WhiteElo "2511"]
[BlackElo "2604"]
[PlyCount "31"]
[EventDate "2008.09.14"]
[SourceDate "1999.07.01"]

1. d4 d5 2. c4 e6 3. Nf3 Nf6 4. Nc3 Be7 5. Bg5 h6 6. Bh4 O-O 7. e3 b6 8. Rb1
Nbd7 9. cxd5 Nxd5 10. Bxe7 Nxe7 11. Be2 c5 12. dxc5 Nxc5 13. b4 Nd7 14. O-O Bb7
15. Qb3 Nf6 16. Rfd1 1/2-1/2

[Event "TCh-ESP Hon Gp1"]
[Site "Cala Mayor ESP"]
[Date "2008.09.06"]
[Round "4"]
[White "Illescas Cordoba, M."]
[Black "Kasimdzhanov, R."]
[Result "1/2-1/2"]
[WhiteElo "2603"]
[BlackElo "2679"]
[PlyCount "34"]
[EventDate "2008.09.03"]
[SourceDate "1999.07.01"]

1. Nf3 d5 2. d4 Nf6 3. c4 e6 4. Nc3 Be7 5. Bg5 h6 6. Bh4 O-O 7. e3 b6 8. Rc1
Bb7 9. cxd5 Nxd5 10. Bxe7 Qxe7 11. Nxd5 Bxd5 12. a3 Rc8 13. Bc4 Bb7 14. O-O c5
15. Qe2 cxd4 16. Nxd4 Nc6 17. Nxc6 Rxc6 1/2-1/2

[Event "Petrovskaya Ladya GM2"]
[Site "Peterhof RUS"]
[Date "2008.08.17"]
[Round "8"]
[White "Rozum, I."]
[Black "Kim, Alex"]
[Result "0-1"]
[WhiteElo "2444"]
[BlackElo "2460"]
[PlyCount "80"]
[EventDate "2008.08.12"]
[SourceDate "1999.07.01"]

1. d4 d5 2. c4 e6 3. Nc3 Nf6 4. Bg5 Be7 5. e3 O-O 6. Nf3 h6 7. Bh4 b6 8. Bd3
Bb7 9. O-O Nbd7 10. Qe2 c5 11. cxd5 Nxd5 12. Bg3 cxd4 13. Nxd5 Bxd5 14. Nxd4
Nc5 15. Bb5 Ne4 16. Rfd1 Bc5 17. Rac1 Qf6 18. Bc6 Bxc6 19. Nxc6 e5 20. Qf3 Qxc6
21. b4 Qg6 22. bxc5 Nxc5 23. Qd5 e4 24. Rd4 Rac8 25. h4 Qf6 26. Qd6 Ne6 27.
Rxc8 Rxc8 28. Rxe4 Qa1+ 29. Kh2 Rc1 30. Be5 Qxa2 31. f3 Qb1 32. Kh3 Rc2 33. Rg4
h5 34. Rxg7+ Nxg7 35. Qd8+ Kh7 36. Qd3+ f5 37. Bxg7 Qh1+ 38. Kg3 Rxg2+ 39. Kf4
Qxh4+ 40. Kxf5 Qg5+ 0-1

[Event "Stara Pazova"]
[Site "Stara Pazova SRB"]
[Date "2008.07.29"]
[Round "9"]
[White "Kosic, D."]
[Black "Abramovic, B."]
[Result "1/2-1/2"]
[WhiteElo "2516"]
[BlackElo "2488"]
[PlyCount "30"]
[EventDate "2008.07.23"]
[SourceDate "1999.07.01"]

1. d4 d5 2. c4 e6 3. Nc3 Be7 4. Nf3 Nf6 5. Bg5 h6 6. Bh4 O-O 7. e3 b6 8. Rc1
Bb7 9. Bxf6 Bxf6 10. cxd5 exd5 11. b4 c6 12. Be2 Re8 13. O-O Nd7 14. Qb3 Nf8
15. Rfd1 Ne6 1/2-1/2

[Event "XXVI Andorra Open"]
[Site "La Massana AND"]
[Date "2008.07.24"]
[Round "6"]
[White "Garcia Roman, D."]
[Black "Narciso Dublan, M."]
[Result "0-1"]
[WhiteElo "2428"]
[BlackElo "2525"]
[PlyCount "104"]
[EventDate "2008.07.19"]
[SourceDate "1999.07.01"]

1. d4 d5 2. c4 e6 3. Nf3 Nf6 4. Nc3 Be7 5. Bg5 O-O 6. e3 h6 7. Bh4 b6 8. Be2
Nbd7 9. cxd5 exd5 10. O-O Bb7 11. Rc1 c5 12. Qa4 a6 13. dxc5 bxc5 14. Rfd1 Qb6
15. Qb3 Qa7 16. Bg3 Rac8 17. Ne5 Nb6 18. Bf3 Ba8 19. Na4 Nxa4 20. Qxa4 Rfd8 21.
Qf4 Qb6 22. Qf5 Bb7 23. b3 d4 24. Nc4 Qa7 25. Be5 Bxf3 26. Qxf3 Nh7 27. exd4 f6
28. Bf4 cxd4 29. Qg4 Qd7 30. Qg3 Ng5 31. h4 Nf7 32. Rd3 Qf5 33. Rcd1 Bc5 34.
Rf3 Qh5 35. Bc7 Re8 36. Bb6 Re4 37. Bxc5 Rxh4 38. Qxh4 Qxh4 39. Rxd4 Qh5 40. b4
Re8 41. Ne3 Ng5 42. Rg3 Qe2 43. Rd7 Qxa2 44. f4 Ne6 45. Kh2 Qb1 46. Nd5 Kh8 47.
Be7 f5 48. Rf3 Nd4 49. Rd6 Nxf3+ 50. gxf3 Rxe7 51. Rd8+ Kh7 52. Nxe7 Qxb4 0-1

[Event "1st Open"]
[Site "Paleochora GRE"]
[Date "2008.07.25"]
[Round "6"]
[White "Kapnisis, S."]
[Black "David, Alb"]
[Result "0-1"]
[WhiteElo "2405"]
[BlackElo "2568"]
[PlyCount "66"]
[EventDate "2008.07.21"]
[SourceDate "1999.07.01"]

1. d4 Nf6 2. c4 e6 3. Nf3 d5 4. Nc3 Be7 5. Bg5 h6 6. Bh4 O-O 7. e3 b6 8. Qc2
Bb7 9. Bxf6 Bxf6 10. cxd5 exd5 11. O-O-O c5 12. g4 cxd4 13. exd4 Nc6 14. h4 g6
15. g5 hxg5 16. hxg5 Bg7 17. Qd2 Qd6 18. Bb5 Rac8 19. Rde1 Na5 20. Ne5 a6 21.
f4 axb5 22. f5 gxf5 23. Qh2 Rxc3+ 24. bxc3 Rc8 25. Qh7+ Kf8 26. Qxf5 Rxc3+ 27.
Kd1 Rc7 28. Rh7 Nc4 29. Qh3 Nxe5 30. Rh8+ Ke7 31. g6 Qxg6 32. Qh4+ f6 33. Rxe5+
Kf7 0-1

[Event "Greek Cup S/F"]
[Site "Kallithea GRE"]
[Date "2008.07.03"]
[Round "1"]
[White "Banikas, H."]
[Black "Grigoriadis, A."]
[Result "1-0"]
[WhiteElo "2571"]
[BlackElo "2417"]
[PlyCount "105"]
[EventDate "2008.07.03"]
[SourceDate "1999.07.01"]

1. d4 d5 2. c4 e6 3. Nf3 Nf6 4. Nc3 Be7 5. Bg5 O-O 6. e3 h6 7. Bh4 b6 8. Bd3
Bb7 9. O-O c5 10. Qe2 dxc4 11. Bxc4 Ne4 12. Bxe7 Qxe7 13. Rfd1 Nd7 14. Rac1
Rfd8 15. Nxe4 Bxe4 16. Bb5 Nf6 17. dxc5 bxc5 18. Nd2 Bb7 19. e4 Rd4 20. f3 Rad8
21. Nb3 Rxd1+ 22. Rxd1 Rxd1+ 23. Qxd1 a6 24. Bf1 Qc7 25. Qd2 Nd7 26. Na5 Bc8
27. Nc4 Nb6 28. Qa5 Na8 29. Qxc7 Nxc7 30. Nb6 Bb7 31. Nd7 Bc8 32. Nxc5 e5 33.
Bc4 Kf8 34. Kf2 Ke7 35. b4 f6 36. Ke3 Kd6 37. Kd2 Kc6 38. Kc3 g5 39. a3 h5 40.
g3 h4 41. gxh4 gxh4 42. Nd3 Nb5+ 43. Bxb5+ axb5 44. f4 Kd6 45. f5 Bd7 46. Ne1
Ke7 47. Nf3 h3 48. Ng1 Kf7 49. Nxh3 Kg7 50. Kd2 Kh6 51. Ke3 Be8 52. Ng1 Kg5 53.
Ne2 1-0

[Event "ChInt Open"]
[Site "Paris FRA"]
[Date "2008.07.06"]
[Round "9"]
[White "Malakhatko, V."]
[Black "David, Alb"]
[Result "1/2-1/2"]
[WhiteElo "2621"]
[BlackElo "2562"]
[PlyCount "34"]
[EventDate "2008.06.28"]
[SourceDate "1999.07.01"]

1. d4 Nf6 2. c4 e6 3. Nf3 d5 4. Nc3 Be7 5. Bg5 h6 6. Bh4 O-O 7. e3 b6 8. Bd3
Bb7 9. O-O Nbd7 10. Qe2 c5 11. Rad1 Ne4 12. Bg3 cxd4 13. Bxe4 dxe4 14. Nxd4 Qc8
15. Ndb5 Qc6 16. Nd4 Qc8 17. Ndb5 Qc6 1/2-1/2

[Event "ChInt Open"]
[Site "Paris FRA"]
[Date "2008.07.02"]
[Round "5"]
[White "Almeida Quintana, O."]
[Black "David, Alb"]
[Result "1/2-1/2"]
[WhiteElo "2527"]
[BlackElo "2562"]
[PlyCount "101"]
[EventDate "2008.06.28"]
[SourceDate "1999.07.01"]

1. d4 Nf6 2. c4 e6 3. Nf3 d5 4. Nc3 Be7 5. Bg5 h6 6. Bh4 O-O 7. e3 b6 8. Qb3
Bb7 9. Bxf6 Bxf6 10. cxd5 exd5 11. Rd1 Re8 12. Be2 c6 13. O-O Nd7 14. Bd3 Nf8
15. a3 Ne6 16. Bb1 Rc8 17. Ne5 Bxe5 18. dxe5 Ba6 19. Rfe1 Bc4 20. Qc2 Nf8 21.
f4 f6 22. e4 fxe5 23. exd5 exf4 24. Re4 Rxe4 25. Qxe4 cxd5 26. Qxf4 Qg5 27.
Qxg5 hxg5 28. Bd3 d4 29. Bxc4+ Rxc4 30. Nb5 Ne6 31. b3 Rc5 32. Nxa7 Ra5 33. Nc6
Rxa3 34. Nxd4 Nxd4 35. Rxd4 Rxb3 36. h3 Kf7 37. Rd6 Rb2 38. Kh2 Rb3 39. Kg1 Rb2
40. Kh2 b5 41. Rb6 Rb3 42. Kg1 g6 43. Kf2 Kg7 44. Rb7+ Kf6 45. Rb6+ Kf5 46. g4+
Ke4 47. Rxg6 Rxh3 48. Rxg5 b4 49. Rb5 b3 50. g5 b2 51. Kg2 1/2-1/2

[Event "TCh-HUN 2007-8"]
[Site "Budapest HUN"]
[Date "2008.03.02"]
[Round "7"]
[White "Krizsany, L jr"]
[Black "Prohaszka, P2."]
[Result "0-1"]
[WhiteElo "2456"]
[BlackElo "2470"]
[PlyCount "68"]
[EventDate "2007.10.14"]
[SourceDate "1999.07.01"]

1. d4 d5 2. c4 e6 3. Nc3 Be7 4. Nf3 Nf6 5. Bg5 O-O 6. e3 h6 7. Bh4 b6 8. cxd5
Nxd5 9. Bxe7 Qxe7 10. Nxd5 exd5 11. Rc1 Be6 12. Qa4 c5 13. Qa3 Rc8 14. Be2 Nd7
15. O-O Qf8 16. dxc5 bxc5 17. Rfd1 Rab8 18. b3 Qd8 19. Rc3 Qb6 20. Rdc1 Rd8 21.
Qa6 Bf5 22. h3 Be4 23. Nd2 Bg6 24. Nf3 Be4 25. Nd2 Bg6 26. Nf3 Bh5 27. Nd2 Qxa6
28. Bxa6 c4 29. bxc4 Nc5 30. Bb5 dxc4 31. Rxc4 Ne6 32. f4 Rxd2 33. Rc8+ Rxc8
34. Rxc8+ Rd8 0-1

[Event "82nd ch-ARG"]
[Site "Mendoza ARG"]
[Date "2008.05.31"]
[Round "11"]
[White "Liascovich, L."]
[Black "Mahia, G."]
[Result "1/2-1/2"]
[WhiteElo "2419"]
[BlackElo "2432"]
[PlyCount "23"]
[EventDate "2008.05.20"]
[SourceDate "1999.07.01"]

1. d4 Nf6 2. c4 e6 3. Nf3 d5 4. Nc3 Be7 5. Bg5 h6 6. Bh4 O-O 7. e3 b6 8. Rc1
Bb7 9. Be2 dxc4 10. O-O Nbd7 11. Bxc4 c5 12. Qe2 1/2-1/2

[Event "Kaupthing Open"]
[Site "Differdange LUX"]
[Date "2008.05.17"]
[Round "9"]
[White "Marzolo, C."]
[Black "Faibisovich, V."]
[Result "1/2-1/2"]
[WhiteElo "2476"]
[BlackElo "2421"]
[PlyCount "66"]
[EventDate "2008.05.10"]
[SourceDate "1999.07.01"]

1. d4 Nf6 2. c4 e6 3. Nf3 d5 4. Nc3 Be7 5. Bg5 O-O 6. e3 h6 7. Bh4 b6 8. Be2
Bb7 9. Bxf6 Bxf6 10. cxd5 exd5 11. O-O Nd7 12. Qb3 c6 13. Rfd1 Re8 14. Rd2 Nf8
15. Bf1 Ne6 16. g3 c5 17. Qd1 Qe7 18. Rc1 Rad8 19. Bg2 cxd4 20. Nxd4 Nxd4 21.
exd4 Bg5 22. Re2 Qd7 23. Rcc2 Rxe2 24. Rxe2 Bf6 25. Qd3 g6 26. h4 h5 27. Rc2
Kg7 28. Ne2 Rc8 29. Rd2 Qa4 30. b3 Qb4 31. Kh2 Ba6 32. Qe3 Bxe2 33. Qxe2 Qd6
1/2-1/2

[Event "FSGM May"]
[Site "Budapest HUN"]
[Date "2008.05.15"]
[Round "13"]
[White "Duong The Anh"]
[Black "Akesson, R."]
[Result "1/2-1/2"]
[WhiteElo "2403"]
[BlackElo "2466"]
[PlyCount "46"]
[EventDate "2008.05.03"]
[SourceDate "1999.07.01"]

1. d4 d5 2. c4 e6 3. Nc3 Be7 4. Nf3 Nf6 5. Bg5 O-O 6. e3 h6 7. Bh4 b6 8. Bd3
Bb7 9. O-O Nbd7 10. cxd5 Nxd5 11. Bg3 c5 12. Rc1 N7f6 13. Be5 Rc8 14. Nxd5 Nxd5
15. a3 cxd4 16. Bxd4 Rxc1 17. Qxc1 Nf4 18. exf4 Bxf3 19. Qc3 Bb7 20. Be2 Bf6
21. Bxf6 Qxf6 22. Qxf6 gxf6 23. Rc1 Rc8 1/2-1/2

[Event "Mediana"]
[Site "Nis SRB"]
[Date "2008.04.14"]
[Round "3"]
[White "Miljkovic, Mir1"]
[Black "Solomunovic, I."]
[Result "1/2-1/2"]
[WhiteElo "2418"]
[BlackElo "2442"]
[PlyCount "40"]
[EventDate "2008.04.13"]
[SourceDate "1999.07.01"]

1. d4 d5 2. c4 e6 3. Nc3 Be7 4. Nf3 Nf6 5. Bg5 O-O 6. e3 h6 7. Bh4 b6 8. Be2
Bb7 9. Bxf6 Bxf6 10. cxd5 exd5 11. b4 c6 12. O-O Re8 13. Qb3 Nd7 14. a4 a5 15.
bxa5 Rxa5 16. Rab1 Ba6 17. Bxa6 Rxa6 18. Rfc1 Qa8 19. Rc2 Be7 20. Ne1 Bd6
1/2-1/2

[Event "IX EICC"]
[Site "Plovdiv BUL"]
[Date "2008.04.22"]
[Round "2"]
[White "Riazantsev, A."]
[Black "Meier, Geo"]
[Result "1/2-1/2"]
[WhiteElo "2638"]
[BlackElo "2560"]
[PlyCount "59"]
[EventDate "2008.04.21"]
[SourceDate "1999.07.01"]

1. d4 Nf6 2. c4 e6 3. Nf3 d5 4. Nc3 Be7 5. Bg5 h6 6. Bh4 O-O 7. e3 b6 8. Rb1
Nbd7 9. cxd5 Nxd5 10. Nxd5 Bxh4 11. Nxh4 exd5 12. Nf3 c5 13. dxc5 Nxc5 14. Be2
Bb7 15. O-O Rc8 16. Rc1 a5 17. Rc2 Re8 18. h3 Qd6 19. Nd4 Qf6 20. Bb5 Red8 21.
Qe2 Ne6 22. Rd2 Rc7 23. Rfd1 Rdc8 24. Qg4 Nxd4 25. Qxd4 Qxd4 26. Rxd4 Rc2 27.
R4d2 Rxd2 28. Rxd2 Rc1+ 29. Kh2 Kf8 30. Ba4 1/2-1/2